Untrodden peaks and unfrequented valleys : a midsummer ramble in the Dolomites /

Bibliographic Details
Main Author: Edwards, Amelia B., 1831-1892
Format: Book
Language:English
Published: Boston : Beacon Press, 1987.
Series:Virago/Beacon travelers.
Subjects:

MARC

Tag First Indicator Second Indicator Subfields
LEADER 00000cam a2200000 a 4500
001 in00000016836
005 20151007053317.0
008 870511r19871873mauabf b 00010aeng
010 |a  87047524  
020 |a 0807070378 
035 |a (OCoLC)15791358 
035 |9 AAB1168AM 
040 |a DLC  |c DLC  |d TXA  |d UtOrBLW 
043 |a e-it--- 
049 |a TXAM  |c [A11085167] 
050 0 0 |a DG975.D67  |b E39 1987 
082 0 |a 914.5/38  |2 19 
100 1 |a Edwards, Amelia B.,  |d 1831-1892. 
245 1 0 |a Untrodden peaks and unfrequented valleys :  |b a midsummer ramble in the Dolomites /  |c Amelia B. Edwards ; with a new introduction by Philippa Levine. 
264 1 |a Boston :  |b Beacon Press,  |c 1987. 
300 |a xxxvii, 357 pages, 1 unnumbered folded leaf of plates :  |b illustrations, map ;  |c 21 cm. 
336 |a text  |b txt  |2 rdacontent 
337 |a unmediated  |b n  |2 rdamedia 
338 |a volume  |b nc  |2 rdacarrier 
490 1 |a Virago/Beacon travelers 
490 0 |a Beacon paperback ;  |v 769 
500 |a Reprint. Originally published: London : Longmans, Green, 1873. 
651 0 |a Dolomite Alps (Italy)  |x Description and travel. 
600 1 0 |a Edwards, Amelia B.,  |d 1831-1892  |x Travel  |z Italy  |z Dolomite Alps. 
830 0 |a Virago/Beacon travelers. 
999 |a MARS 
999 f f |s c58d6f79-edf4-39f8-a868-93006d2c7cfe  |i bf5621e6-ed6f-321b-9778-aad825bd33ae  |t 0 
952 f f |p normal  |a Texas A&M University  |b College Station  |c Sterling C. Evans Library  |d Evans: Library Stacks  |t 0  |e DG975.D67 E39 1987  |h Library of Congress classification  |i unmediated -- volume  |m A14811085167 
998 f f |a DG975.D67 E39 1987  |t 0  |l Evans: Library Stacks